书目信息 |
| 题名: |
粉体技术词典:汉英日对照
|
|
| 作者: | 韩仲琦待 编著 | |
| 分册: | ||
| 出版信息: | 武汉 武汉工业大学出版社 1999.03 |
|
| 页数: | 490页 | |
| 开本: | 32开 | |
| 丛书名: | ||
| 单 册: | ||
| 中图分类: | TB44-61 | |
| 科图分类: | ||
| 主题词: | 粉末法 | |
| 电子资源: | ||
| ISBN: | 7-5629-1296-3 | |
| 000 | 00582nam0 2200193 45 | |
| 001 | 0010251928 | |
| 005 | 20010331095810.7 | |
| 010 | @a7-5629-1296-3@d29.00元 | |
| 100 | @a20001025d1999 km y0chiy0120 ea | |
| 101 | 0 | @achi |
| 105 | @a z 000yy | |
| 200 | 1 | @a粉体技术词典:汉英日对照@AFen Ti Ji Shu Ci Dian:HanYing Ri Dui Zhao@f韩仲琦待编著@FHan Zhong Qi Dai Bian Zhu |
| 210 | @a武汉@c武汉工业大学出版社@d1999.03 | |
| 215 | @a490页@d32开 | |
| 606 | 0 | @a粉末法 |
| 690 | @aTB44-61@v3 | |
| 701 | 0 | @a韩仲琦待@4编著 |
| 801 | @aCN@bPftUser@c20001025 | |
| 905 | @dTB44-61@eH697@b334509@f1 | |
| 粉体技术词典:汉英日对照/韩仲琦待编著.-武汉:武汉工业大学出版社,1999.03 |
| 490页;32开 |
| ISBN 7-5629-1296-3:29.00元 |
| ● |
| 相关链接 |
|
|
|
正题名:粉体技术词典:汉英日对照
索取号:TB44-61/H697
 
预约/预借
| 序号 | 登录号 | 条形码 | 馆藏地/架位号 | 状态 | 备注 |
| 1 | 334509 | 203345095 | 自科库501/504自科库 12排2列3层/ [索取号:TB44-61/H697] | 在馆 |